000 01325nam a2200241Ii 4500
003 JO-AjNU
005 20240630094130.0
008 230605s9999||||xx |||||||||||||| ||und||
040 _aJO-AjNU
_bara
_erda
_cJO-AjNU
041 _aara
050 1 4 _aQA11 2012
100 1 _aعبود، مصطفى احمد
_eمعد
_965888
245 0 0 _aاثر استخدام طريقة التعلم التعاوني على التحصيل والدافعية نحو نعلم الرياضيات في الاردن=The Effect of using coperative learning on the academic achievement and its motivtion towards learning mathematics in jordon /
_cاعداد مصطفى احمد عبود ؛ إشراف احمد حسن القضاة
260 _c2012
300 _a86 ورقة
336 _atext
_btxt
_2rdacontent
337 _aunmediated
_bn
_2rdamedia
338 _avolume
_bnc
_2rdacarrier
500 _aرسالة جامعية (ماجستير في مناهج الرياضيات واساليب التدريس)--جامعة ال البيت، كلية العلوم التربوية(المفرق)، 2012، يشتمل على جداول توضيحية
650 4 _aالرياضيات - التعليم التعاوني - طرق التدريس - الاردن
_957636
700 1 _aالقضاة، أحمد حسن
_962613
_eمشرف
942 _2lcc
_cTHS
999 _c29408
_d29408